00305 a2200121 450000500170000000800410001702000180005810000230007624500460009925000120014526000180015730000080017520240924140835.0240924b |||||||| |||| 00| 0 eng d a9788131533444 aBasta A.aBrown M. aComputer Security and Penetration Testing a2nd ed. bCengagec2014 a376